The competitive intelligence handbook / (Record no. 344979)
[ view plain ]
| 000 -LEADER | |
|---|---|
| fixed length control field | 01435 a2200193 4500 |
| 020 ## - INTERNATIONAL STANDARD BOOK NUMBER | |
| International Standard Book Number | 0810826062 |
| 020 ## - INTERNATIONAL STANDARD BOOK NUMBER | |
| International Standard Book Number | 9780810826069 |
| 082 04 - DEWEY DECIMAL CLASSIFICATION NUMBER | |
| Classification number | 658.47 |
| 090 ## - LOCALLY ASSIGNED LC-TYPE CALL NUMBER (OCLC); LOCAL CALL NUMBER (RLIN) | |
| -- | 2482 |
| -- | 2482 |
| 100 1# - MAIN ENTRY--PERSONAL NAME | |
| Personal name | Combs, Richard E. |
| 245 14 - TITLE STATEMENT | |
| Title | The competitive intelligence handbook / |
| Statement of responsibility, etc. | Richard E. Combs. |
| 260 ## - PUBLICATION, DISTRIBUTION, ETC. | |
| Place of publication, distribution, etc. | [S.l.] : |
| Name of publisher, distributor, etc. | The Scarecrow Press, Inc., |
| Date of publication, distribution, etc. | 1993. |
| 300 ## - PHYSICAL DESCRIPTION | |
| Extent | 197 p. ; |
| Dimensions | 23 cm. |
| 500 ## - GENERAL NOTE | |
| General note | Hardcover. |
| 520 ## - SUMMARY, ETC. | |
| Summary, etc. | The Competitive Intelligence Handbook presents a unified approach to competitive intelligence work and also discusses other perspectives on the discipline. Competitive intelligence (CI) is a subset of business research; it is concerned with information that corporate managers need for making tactical and strategic decisions. In addition to a review of the CI literature, the book discusses CI methodologies such as database searching, interviewing, and analysis. It provides guidance on sources for U.S. and international business information, and on special concerns such as preparing industry studies and conducting due-diligence research. In a single volume, the Handbook provides an overview of current competitive intelligence practices and gives extensive guidance on where to learn more. |
| 856 40 - ELECTRONIC LOCATION AND ACCESS | |
| Materials specified | Amazon.com |
| Uniform Resource Identifier | <a href="http://www.amazon.com/exec/obidos/ASIN/0810826062/chopaconline-20">http://www.amazon.com/exec/obidos/ASIN/0810826062/chopaconline-20</a> |
| 856 40 - ELECTRONIC LOCATION AND ACCESS | |
| Materials specified | Amazon customer reviews |
| Uniform Resource Identifier | <a href="http://www.chopac.org/cgi-bin/tools/azrev.pl?q=0810826062">http://www.chopac.org/cgi-bin/tools/azrev.pl?q=0810826062</a> |
| 942 ## - ADDED ENTRY ELEMENTS (KOHA) | |
| Institution code [OBSOLETE] | NBS |
| Koha item type | Book |
| Call number prefix | 658.47 COM |
| Withdrawn status | Lost status | Damaged status | Not for loan | Permanent Location | Current Location | Date acquired | Total Checkouts | Full call number | Barcode | Date last seen | Price effective from | Koha item type |
|---|---|---|---|---|---|---|---|---|---|---|---|---|
| Central Library (CL) | Central Library (CL) | 08/28/2013 | 658.47 COM | NBS6978 | 08/28/2013 | 08/28/2013 | Book | |||||
| Central Library (CL) | Central Library (CL) | 08/28/2013 | 658.47 COM | NBS7040 | 08/28/2013 | 08/28/2013 | Reference |
